A new algebra for schools : parts I and II

Αποθηκεύτηκε σε:
Λεπτομέρειες βιβλιογραφικής εγγραφής
Κύριος συγγραφέας: Durell, Clement V. (Clement Vavasor), 1882-1968
Μορφή: Βιβλίο
Γλώσσα:English
Δημοσίευση: London : G. Bell and Sons, 1952, c1930
Έκδοση:Repr.
Θέματα:
Ετικέτες: Προσθήκη ετικέτας
Δεν υπάρχουν, Καταχωρήστε ετικέτα πρώτοι!

MARC

LEADER 00000cam a2200000 i 4500
001 1/5265
008 100304r19521930 eng d
035 |l 10107101 
040 |a GR-MY-UA  |b gre  |e aacr 
041 0 |a eng 
082 0 |a 512  |2 (22) 
100 1 |a Durell, Clement V.   |q (Clement Vavasor),   |d 1882-1968. 
245 1 2 |a A new algebra for schools :  |b parts I and II /  |c Clement V. Durell 
250 |a Repr. 
260 |a London :   |b G. Bell and Sons,   |c 1952, c1930 
300 |a viii, 328, xxiv, xv, σ.;  |b σχέδια;  |c 19 εκ. 
505 0 |a With appendix and with answers 
650 0 0 |a Algebra. 
852 |a INST  |b SAMOS  |c MAG  |e 20100304  |h 512 DUR  |p 005300032248  |q 005300032248  |t BK  |y 0 
901 |a BIBL3-2010-1 
909 |a Σ  |b 161965 
970 |a ΡΟΥΣΣΟΥ  |b ΚΩΝΣΤΑΝΤΙΝΑ  |z 2010/03/04